El defensor del pueblo en la Republica Dominicana: necesidad e importancia (ahora con rango constitucional) / Ana Mercedes Medos Veloz (Registro nro. 11659)

Detalles MARC
000 -LEADER
fixed length control field 00627nam a22001811a 4500
001 - CONTROL NUMBER
control field 11659
003 - CONTROL NUMBER IDENTIFIER
control field OSt
005 - DATE AND TIME OF LATEST TRANSACTION
control field 20260204212251.0
008 - FIXED-LENGTH DATA ELEMENTS--GENERAL INFORMATION
fixed length control field 130502s2011||||dr ||||||b||||||||||spa||
050 ## - LIBRARY OF CONGRESS CALL NUMBER
Classification number RD 340.93 C674e
100 ## - ASIENTO PRINCIPAL -- NOMBRE PERSONAL
Personal name Medos Veloz, Ana Mercedes
245 ## - TÍTULO PROPIAMENTE DICHO: SUBTÍTULO
Title El defensor del pueblo en la Republica Dominicana: necesidad e importancia (ahora con rango constitucional) / Ana Mercedes Medos Veloz
264 ## - PRODUCTION, PUBLICATION, DISTRIBUTION, MANUFACTURE, AND COPYRIGHT NOTICE
Place of production, publication, distribution, manufacture República Dominicana: Colegio de Abogado de la Republica Dominicana
300 ## - PHYSICAL DESCRIPTION
Extensión 143 P
500 ## - GENERAL NOTE
General note Incluye bibliografia
650 ## - ASIENTO SECUNDARIO DE MATERIA -- TERMINO TEMÁTICO
Termino Temático Como Elemento de Entrada Derecho Publico - Defensor del Pueblo I- tilÌ
942 ## - ADDED ENTRY ELEMENTS (KOHA)
Source of classification or shelving scheme Dewey Decimal Classification
Koha item type Libros
Existencias
Withdrawn status Lost status Source of classification or shelving scheme Damaged status Not for loan Current library Date acquired Total Checkouts Full call number Barcode Date last seen Price effective from Koha item type
    Dewey Decimal Classification     Biblioteca UTECO 09/09/2019   RD 340.93 C674E 016858 09/09/2019 09/09/2019 Libros
    Dewey Decimal Classification     Biblioteca UTECO 09/09/2019   RD 340.93 C674E 016859 09/09/2019 09/09/2019 Libros
    Dewey Decimal Classification     Biblioteca UTECO 09/09/2019   RD 340.93 C674E 016860 09/09/2019 09/09/2019 Libros
    Dewey Decimal Classification     Biblioteca UTECO 09/09/2019   RD 340.93 C674E 016861 09/09/2019 09/09/2019 Libros
    Dewey Decimal Classification     Biblioteca UTECO 09/09/2019   RD 340.93 C674E 016862 09/09/2019 09/09/2019 Libros
© 2021 Derechos Reservados UTECO - Teléfono: +1 809-585-2291 - Correo electrónico: biblioteca@uteco.edu.do​  
Código postal 43000 ​​
Dirección: Avenida Universitaria No. 100, 
Cotuí, Provincia Sánchez Ramírez, República Dominicana - RNC: 404-00059-6